000 00892nam a2200265 a 4500
001 995
003 BR-CuiBMT
005 20231124215703.0
008 231124s2009 spba 001 0 por d
020 _a9788502076822
040 _aBR-CuiBMT
_cBR-CuiBMT
080 _22007
_a341.1/.8
090 _a341.1/.8
_bA171m
_c17. ed.
100 1 _aAccioly, Hildebrando,
_d1888-1962
245 _aManual de direito internacional público /
_cHildebrando Accioly, G. E. do Nascimento e Silva, Paulo Borba Casella.
250 _a17. ed.
260 _aSão Paulo :
_bSaraiva,
_c2009.
300 _a916 p.:
_bil.
_c23 cm
504 _aInclui bibliografia e índice.
650 _aDireito internacional público
650 _aOrganizações internacionais
700 _aSilva, G. E. do Nascimento,
_d1917-2003
_qGeraldo Eulálio do Nascimento
700 _aCasella, Paulo Borba,
_d1960-
942 _2udc
_cLV
999 _c995
_d995